[Event "M.Chigorin Memorial"]
[Site "St. Petersburg RUS"]
[Date "2009.10.21"]
[Round "6.111"]
[White "Kovalenko, Vladimir"]
[Black "Pischikov, Vadim"]
[Result "0-1"]
[WhiteElo "2153"]
[BlackElo "1959"]
[PlyCount "160"]
[EventDate "2009.??.??"]

1. d4 d5 2. Nf3 Nc6 3. e3 Bg4 4. Bb5 a6 5. Bxc6+ bxc6 6. c4 e6 7. Qa4 Ne7 8.
Ne5 Bf5 9. Nc3 Qd6 10. c5 Qd8 11. O-O f6 12. Nxc6 Qd7 13. Nxe7 Qxa4 14. Nxa4
Bxe7 15. Bd2 Kd7 16. b3 Kc6 17. Bc3 g5 18. Rad1 h5 19. Rd2 g4 20. b4 h4 21. Nb2
Bf8 22. a4 Bh6 23. Re1 Rhg8 24. Nd1 g3 25. fxg3 hxg3 26. h3 Bg5 27. Rb2 Rab8
28. Bd2 Bd3 29. Nc3 f5 30. Ne2 Rge8 31. Nf4 Bc4 32. Bc3 Bf6 33. Ng6 Rg8 34. Nf4
Rge8 35. Ng6 Rg8 36. Ne5+ Bxe5 37. dxe5 Rh8 38. Reb1 Rh4 39. Be1 Re4 40. Bxg3
Rxe3 41. Bf4 Ra3 42. a5 Bd3 43. Rd1 Be4 44. Rdd2 Ra4 45. Rd4 Rxa5 46. h4 Rxc5
47. Ra2 Rc2 48. Rxc2+ Bxc2 49. h5 Kd7 50. h6 Ke7 51. Bd2 Be4 52. g3 Kf7 53. Kf2
Rb6 54. Bf4 Rc6 55. Rd2 Kg6 56. Ra2 d4 57. Ke1 Rb6 58. Ra5 Bd3 59. Rc5 c6 60.
Bd2 Be4 61. Kf2 Rb8 62. Ke2 Kh5 63. Ra5 f4 64. Bxf4 Rxb4 65. Rxa6 Rb2+ 66. Ke1
Rb1+ 67. Kf2 d3 68. Ke3 Re1+ 69. Kd2 Re2+ 70. Kc3 Kg4 71. Ra7 Rc2+ 72. Kb4 d2
73. Rd7 Bd5 74. Rg7+ Kf3 75. Bxd2 Rxd2 76. g4 Rh2 77. Kc5 Rxh6 78. g5 Rh8 79.
Kd4 Kf4 80. g6 Kf5 0-1

[Event "M.Chigorin Memorial"]
[Site "St. Petersburg RUS"]
[Date "2009.10.21"]
[Round "6.112"]
[White "Emdin, Mark"]
[Black "Samigullina, Diana"]
[Result "0-1"]
[WhiteElo "1946"]
[BlackElo "2152"]
[PlyCount "64"]
[EventDate "2009.??.??"]

1. Nf3 d5 2. b3 Nf6 3. Bb2 Bf5 4. e3 e6 5. Be2 h6 6. d3 Be7 7. Nbd2 O-O 8. h3
Bh7 9. Ne5 Nbd7 10. Ndf3 Bb4+ 11. c3 Bd6 12. Nxd7 Nxd7 13. O-O e5 14. c4 c6 15.
Nd2 Qe7 16. Re1 e4 17. Qc2 f5 18. Rad1 f4 19. dxe4 fxe3 20. fxe3 Qh4 21. Bf3
Rae8 22. cxd5 cxd5 23. Nf1 Qg5 24. Qe2 Bxe4 25. Bxe4 Rxe4 26. Rd4 Nf6 27. Red1
Bc5 28. Rxe4 Nxe4 29. Qd3 Kh8 30. Bd4 Nf2 31. Qe2 Nxh3+ 32. Kh1 Rf2 0-1

[Event "M.Chigorin Memorial"]
[Site "St. Petersburg RUS"]
[Date "2009.10.21"]
[Round "6.113"]
[White "Gogolev, Artem"]
[Black "Utkin, Alexander"]
[Result "0-1"]
[WhiteElo "1830"]
[BlackElo "2134"]
[PlyCount "120"]
[EventDate "2009.??.??"]

1. d4 d5 2. Nf3 e6 3. c3 Be7 4. Bf4 Nf6 5. h3 c5 6. e3 a6 7. Nbd2 Nc6 8. Bd3
Bd6 9. Bxd6 Qxd6 10. O-O O-O 11. Qe2 e5 12. dxe5 Nxe5 13. Nxe5 Qxe5 14. Nf3 Qe7
15. Rfd1 Re8 16. Rac1 Bd7 17. Bb1 Bc6 18. Rd2 Ne4 19. Bxe4 Qxe4 20. Qd3 Qe7 21.
Rcd1 h6 22. c4 dxc4 23. Qxc4 Bxf3 24. gxf3 b5 25. Qd5 c4 26. f4 Rac8 27. Qd7
Qe4 28. Rd6 Qc2 29. R6d2 Qg6+ 30. Kh2 Qf6 31. Rd4 Qc6 32. Qg4 Qe6 33. Qg3 Qf6
34. Rd6 Re6 35. Rxe6 fxe6 36. Rg1 Rd8 37. a4 Rd2 38. axb5 axb5 39. e4 Rxb2 40.
e5 Qf7 41. f5 exf5 42. e6 Qa7 43. Rg2 Re2 44. Qd6 c3 45. Qc6 Qe7 46. Qxc3 Rxe6
47. Qb3 Qc7+ 48. Rg3 Qe5 49. Kg2 f4 50. Rc3 Kh7 51. Rc8 Qe4+ 52. Kh2 f3 53. Qd1
Qe5+ 54. Kh1 Qf5 55. Qc2 Qxc2 56. Rxc2 b4 57. Rb2 Re4 58. Kh2 g5 59. Kg3 Rf4
60. Rd2 Kg6 0-1

[Event "M.Chigorin Memorial"]
[Site "St. Petersburg RUS"]
[Date "2009.10.21"]
[Round "6.114"]
[White "Dushin, Nikolay"]
[Black "Kozlov, Mikhail"]
[Result "1-0"]
[WhiteElo "2090"]
[BlackElo "1956"]
[PlyCount "77"]
[EventDate "2009.??.??"]

1. d4 f5 2. g3 Nf6 3. Bg2 e6 4. c4 Bb4+ 5. Bd2 Qe7 6. a3 Bxd2+ 7. Qxd2 a5 8.
Nc3 O-O 9. e3 d6 10. Qc2 Kh8 11. Nge2 c6 12. O-O e5 13. Na4 g6 14. dxe5 dxe5
15. Nb6 Ra6 16. Nxc8 Rxc8 17. e4 Nxe4 18. Bxe4 fxe4 19. Qxe4 Nd7 20. Rad1 Nc5
21. Qe3 Rb6 22. Rd2 Rb3 23. Nc3 Na4 24. Nd5 cxd5 25. Qxb3 Nc5 26. Qd1 d4 27.
Re1 Qf6 28. b4 axb4 29. axb4 Ne6 30. f4 exf4 31. Qg4 Rc6 32. b5 h5 33. Qe2 Rb6
34. c5 Nxc5 35. Qe8+ Kh7 36. Re7+ Kh6 37. Rf7 Qe6 38. Qf8+ Kg5 39. Qxc5+ 1-0

[Event "M.Chigorin Memorial"]
[Site "St. Petersburg RUS"]
[Date "2009.10.21"]
[Round "6.117"]
[White "Bronnikova, Elizaveta"]
[Black "Klepikov, Nikita"]
[Result "1-0"]
[WhiteElo "2290"]
[BlackElo "1873"]
[PlyCount "53"]
[EventDate "2009.??.??"]

1. e4 c5 2. Nf3 d6 3. d4 cxd4 4. Nxd4 Nf6 5. Nc3 g6 6. Be2 Bg7 7. O-O O-O 8.
Nb3 Nc6 9. Bg5 Be6 10. Kh1 a5 11. a4 Rc8 12. f4 Nb4 13. Nd4 Bc4 14. Ndb5 Qb6
15. Bh4 Rfe8 16. Bxc4 Rxc4 17. Qe2 Rcc8 18. Rad1 Qc5 19. e5 dxe5 20. fxe5 Nfd5
21. Nxd5 Nxd5 22. Qf3 Ne3 23. Bf2 Qxc2 24. Bxe3 Qxb2 25. Qxf7+ Kh8 26. e6 Rf8
27. Qxf8+ 1-0

[Event "M.Chigorin Memorial"]
[Site "St. Petersburg RUS"]
[Date "2009.10.21"]
[Round "6.118"]
[White "Salov, Vitaly V"]
[Black "Esipovich, Stanislav"]
[Result "1-0"]
[WhiteElo "2130"]
[BlackElo "1777"]
[PlyCount "45"]
[EventDate "2009.??.??"]

1. Nf3 d5 2. c4 Nf6 3. g3 e6 4. Bg2 c5 5. O-O Nc6 6. cxd5 Nxd5 7. Nc3 Be7 8. d4
Nxc3 9. bxc3 O-O 10. Be3 Qa5 11. Qc2 Bf6 12. dxc5 Qxc3 13. Qxc3 Bxc3 14. Rab1
Nb4 15. Nd4 e5 16. Nb5 Nxa2 17. Nxc3 Nxc3 18. Rb2 Rd8 19. c6 Bg4 20. cxb7 Rab8
21. Bxa7 Bxe2 22. Bxb8 Rxb8 23. Rc1 1-0

[Event "M.Chigorin Memorial"]
[Site "St. Petersburg RUS"]
[Date "2009.10.21"]
[Round "6.119"]
[White "Ivanov, Miroslav"]
[Black "Fedoseeva, Valentina"]
[Result "0-1"]
[WhiteElo "2090"]
[BlackElo "1762"]
[PlyCount "94"]
[EventDate "2009.??.??"]

1. e4 e5 2. Nf3 Nc6 3. Bb5 Nf6 4. Nc3 a6 5. Bxc6 dxc6 6. h3 Bc5 7. O-O O-O 8.
d3 Re8 9. Qe2 b5 10. Be3 Bb6 11. Rad1 Qe7 12. a3 a5 13. Nd2 h6 14. f4 exf4 15.
Rxf4 b4 16. Na4 Nd5 17. Nxb6 Nxf4 18. Bxf4 cxb6 19. Nc4 b5 20. Nd6 Rd8 21. Nxc8
Raxc8 22. axb4 Qxb4 23. b3 Qe7 24. Ra1 Ra8 25. Bd2 a4 26. bxa4 Rxa4 27. Rf1 Ra2
28. Be3 Qa3 29. Qh5 Qf8 30. Rf2 Ra1+ 31. Kh2 Qd6+ 32. e5 Qe6 33. g4 Qd5 34. g5
Qh1+ 35. Kg3 Rg1+ 36. Kh4 hxg5+ 37. Bxg5 Rd4+ 38. Rf4 Rxf4+ 39. Bxf4 Rg6 40.
Qe2 Qd5 41. Qe3 Qd8+ 42. Bg5 f6 43. exf6 gxf6 44. Bf4 Kg7 45. Qa7+ Kg8 46. Qe3
Qd7 47. Kh5 Qf7 0-1

[Event "M.Chigorin Memorial"]
[Site "St. Petersburg RUS"]
[Date "2009.10.21"]
[Round "6.120"]
[White "Polonsky, Pavel"]
[Black "Belsky, Artyom"]
[Result "1-0"]
[WhiteElo "2082"]
[BlackElo "1528"]
[PlyCount "83"]
[EventDate "2009.??.??"]

1. Nf3 Nf6 2. g3 d5 3. Bg2 c6 4. O-O Bg4 5. d3 e6 6. Nbd2 Nbd7 7. e4 Qc7 8. Qe2
Bd6 9. h3 Bh5 10. Re1 O-O-O 11. Qe3 dxe4 12. Nxe4 Nxe4 13. Qxe4 Nf6 14. Qa4
Bxf3 15. Bxf3 Bxg3 16. Qxa7 Bh2+ 17. Kh1 Kd7 18. a4 Ra8 19. Qd4+ Kc8 20. a5
Rxa5 21. Bd2 Rxa1 22. Rxa1 Qb8 23. Qc4 Nd5 24. b4 Nb6 25. Qc5 Nd7 26. Qc4 Ne5
27. Qe4 f5 28. Qe2 Rd8 29. Bg2 g5 30. Bxg5 Rg8 31. f4 Bg3 32. d4 Nd7 33. Qxe6
Kc7 34. Qe3 h6 35. Be7 Qe8 36. d5 Kc8 37. Ra8+ Nb8 38. Qe5 Bxf4 39. Rxb8+ Kd7
40. Rxb7+ Kc8 41. Rb8+ Kd7 42. dxc6# 1-0

[Event "M.Chigorin Memorial"]
[Site "St. Petersburg RUS"]
[Date "2009.10.21"]
[Round "6.123"]
[White "Platonova, Lubov"]
[Black "Kuzmin, Egor"]
[Result "1/2-1/2"]
[WhiteElo "1903"]
[BlackElo "1995"]
[PlyCount "116"]
[EventDate "2009.??.??"]

1. c4 e5 2. Nc3 Nf6 3. e4 Bc5 4. h3 d6 5. d3 h6 6. g3 Nc6 7. Bg2 Bd7 8. Nge2
Qc8 9. Bd2 a6 10. Nd5 Nxd5 11. cxd5 Nd4 12. Nxd4 Bxd4 13. Bc3 c5 14. Bxd4 cxd4
15. Rc1 Qd8 16. O-O O-O 17. Qd2 Qb6 18. f4 a5 19. fxe5 dxe5 20. Rc2 Rac8 21.
Rfc1 Rxc2 22. Rxc2 Rc8 23. Kh2 Rxc2 24. Qxc2 Kf8 25. h4 Ke7 26. Bh3 g6 27. Bxd7
Kxd7 28. Qf2 Ke7 29. g4 f6 30. Kg3 Qc5 31. Qd2 g5 32. Qf2 Qc1 33. hxg5 hxg5 34.
Kg2 Qd1 35. Qf5 Qd2+ 36. Kg1 Qc1+ 37. Kg2 Qc2+ 38. Kg1 Qc1+ 39. Kg2 Qxb2+ 40.
Kg3 Qb6 41. Qh7+ Kd6 42. Qf7 Kc5 43. Qe7+ Qd6 44. Qxb7 Qb6 45. Qxb6+ Kxb6 46.
a4 Kc5 47. Kf3 Kd6 48. Ke2 Kd7 49. Kd2 Kc7 50. Kc2 Kd6 51. Kb2 Kd7 52. Kb3 Kc7
53. Kc4 Kd6 54. Kb3 Kc5 55. Kc2 Kd6 56. Kd2 Kc5 57. Kc2 Kd6 58. Kd2 Kc7 1/2-1/2

[Event "M.Chigorin Memorial"]
[Site "St. Petersburg RUS"]
[Date "2009.10.21"]
[Round "6.128"]
[White "Gantsevich, Aleksei"]
[Black "Mamedov, Elmin"]
[Result "0-1"]
[WhiteElo "2096"]
[BlackElo "1831"]
[PlyCount "136"]
[EventDate "2009.??.??"]

1. e4 c5 2. d3 Nc6 3. g3 g6 4. Bg2 Bg7 5. Nf3 Rb8 6. a4 e6 7. O-O Nge7 8. Re1
O-O 9. c3 d6 10. Nbd2 e5 11. Nf1 a6 12. Be3 b5 13. d4 cxd4 14. cxd4 Bg4 15. d5
Nd4 16. N1d2 Qd7 17. axb5 axb5 18. Nb3 Nxf3+ 19. Bxf3 Bxf3 20. Qxf3 f5 21. Ra7
Rb7 22. Rea1 f4 23. Rxb7 Qxb7 24. Ra7 fxe3 25. Qxe3 Nxd5 26. Rxb7 Nxe3 27. fxe3
Bh6 28. Rxb5 Bxe3+ 29. Kg2 Rf2+ 30. Kh3 Rxb2 31. Rb7 Bg1 32. Na5 Rxb7 33. Nxb7
Bc5 34. Na5 Kf7 35. Kg4 Ke6 36. Nb3 Bg1 37. h3 d5 38. exd5+ Kxd5 39. Kf3 e4+
40. Ke2 Bb6 41. Nd2 g5 42. Nf1 h5 43. g4 h4 44. Nd2 Bc7 45. Nb1 Ke5 46. Nd2 Kf4
47. Nf1 Bb6 48. Nd2 Bg1 49. Ke1 Be3 50. Nf1 Bc1 51. Kd1 e3 52. Ke2 Bd2 53. Nh2
Kg3 54. Nf3 Kxh3 55. Nxg5+ Kxg4 56. Ne4 Kf4 57. Nf6 h3 58. Nd5+ Ke5 59. Nxe3
Bxe3 60. Kf3 Bf4 61. Kf2 Bh2 62. Ke3 Kf5 63. Kf3 Kg5 64. Ke2 Kg4 65. Kf2 Kf4
66. Ke1 Kg3 67. Kf1 Kf3 68. Ke1 Kg2 0-1

[Event "M.Chigorin Memorial"]
[Site "St. Petersburg RUS"]
[Date "2009.10.21"]
[Round "6.129"]
[White "Khatenever, Feliks"]
[Black "Pitkanen, Juhani"]
[Result "1-0"]
[WhiteElo "1929"]
[BlackElo "1775"]
[PlyCount "99"]
[EventDate "2009.??.??"]

1. d4 Nf6 2. Nf3 g6 3. b3 Bg7 4. e3 O-O 5. Bd3 d6 6. Bb2 c5 7. dxc5 dxc5 8. O-O
Nc6 9. Nbd2 Nb4 10. Qe2 Nxd3 11. cxd3 b6 12. e4 Bb7 13. Nc4 Nh5 14. Bxg7 Nxg7
15. Rfd1 Ne6 16. Qe3 Nd4 17. Nxd4 Qxd4 18. Qxd4 cxd4 19. f4 f5 20. e5 Bd5 21.
Rac1 Be6 22. Nd2 Bd5 23. Kf2 Rac8 24. Nf3 Bxf3 25. Kxf3 b5 26. b4 Kf7 27. g4
Ke6 28. h4 Kd5 29. gxf5 gxf5 30. Rg1 Rc3 31. Rcd1 Rf7 32. Rd2 e6 33. Rg8 Rd7
34. Rb8 a6 35. Ra8 Rc6 36. h5 Rc1 37. Rxa6 Rc6 38. Ra5 Rc3 39. Rxb5+ Kc6 40.
Ra5 Kb6 41. Ra8 Rc1 42. Re8 Rf1+ 43. Rf2 Rxf2+ 44. Kxf2 Kb5 45. Rxe6 Kxb4 46.
Rd6 Ra7 47. Rxd4+ Kc3 48. Ke3 Rxa2 49. Rc4+ Kb3 50. Rc7 1-0